000 00321nam a2200109 4500
008 160702b xxu||||| |||| 00| 0 eng d
100 _91805
_a Lal, B.N
245 _aNew Plan English Essays Letters & Stories.
260 _aNew Delhi
_bArya
_c2005
300 _aNew Plan English Essays Letters & Stories.
942 _2ddc
_cBK
999 _c1509
_d1509